000 005840000a22001810004500
999 _c54144
_d54144
001 768714001
003 CO-MdFUSB
005 20170814094908.0
008 170814s2000 xxu||||| |||| 00| 0 eng d
022 _a0098-9444
040 _aCO-MdFUSB
_bspa
_cCO-MdFUSB
_dCO-MdFUSB
041 _aeng
245 1 0 _aThe missing millennium in Jerusalem's archaeology
300 _aVolumen 26. Número 5 (2000), Páginas 34-37
_c28 cm.
546 _aTexto en inglés
773 0 _tBiblical Archaeology Review
_049395
_959472
_gVolumen 26. Número 5 (2000), Páginas 34-37
_qPágina 34
942 _cANA